000 00472nam a2200157Ia 4500
008 220803s9999 xx 000 0 und d
041 _aeng
082 _a681 SRI/NAR
100 _aSrivathsa B K Ed.
_928514
245 _aScience And Technology In India Through The Ages
260 _aKarnataka
_bAcademy Of Sanskrit Research
_c2003
300 _a110p
500 _aArchitecture
650 _aArchitecture..
_928515
700 _aNarasimhan M A Ed. Srivathsa B K Ed.
_928516
999 _c18038
_d18038